| 000 | 01753nam a22004817a 4500 | ||
|---|---|---|---|
| 001 | 12268166 | ||
| 003 | OSt | ||
| 005 | 20210421074049.0 | ||
| 008 | 010102s2002 njua b 001 0 eng c | ||
| 010 | _a 2001016328 | ||
| 020 | _a0130319503 (paper) | ||
| 035 | _a(DNLM)101084123 | ||
| 040 |
_aDNLM/DLC _cDLC _deng _beng |
||
| 041 | _aeng | ||
| 042 | _apcc | ||
| 050 | 0 | 0 |
_aRT67 _b.P56 2002 |
| 060 | 1 | 0 |
_aWS 350.2 _bG798c 2001 |
| 080 |
_a616-08 _bP-41 |
||
| 082 | 0 | 0 |
_a613 _221 |
| 100 | 1 |
_aPender, Nola J., _d1941- |
|
| 245 | 1 | 0 |
_aHealth promotion in nursing practice / _cNola J. Pender, Carolyn L. Murdaugh, Mary Ann Parsons. _b/ by :Prentice Hall, |
| 250 | _a4th edition | ||
| 260 |
_aUpper Saddle River, NJ : _bPrentice Hall, _cc2002. |
||
| 300 |
_axi, 340 p. : _bill. ; _c24 cm. |
||
| 504 | _aIncludes bibliographical references and index. | ||
| 650 | 0 | _aHealth promotion. | |
| 650 | 0 |
_aPatient Care _9285 |
|
| 650 | 0 | _aPreventive health services. | |
| 650 | 0 | _aNursing. | |
| 650 | 1 | 2 |
_aHealth Promotion _vNurses' Instruction. |
| 650 | 1 | 2 |
_aNursing Care _vNurses' Instruction. |
| 650 | 2 | 2 |
_aHealth Behavior _vNurses' Instruction. |
| 650 | 2 | 2 |
_aHealth Policy _vNurses' Instruction. |
| 653 | _aპაციენტის მოვლა | ||
| 653 | _aჯანსაღი ცხოვრების წესი | ||
| 653 | _aჯანდაცვის პოლიტიკა | ||
| 700 | 1 | _aMurdaugh, Carolyn L. | |
| 700 | 1 | _aParsons, Mary Ann. | |
| 906 |
_a7 _bcbc _corignew _d1 _eocip _f20 _gy-gencatlg |
||
| 942 |
_2udc _cBK _e4 |
||
| 999 |
_c710 _d710 |
||